000 00412nam a22001577a 4500
003 macl
005 20200220165518.0
008 200220b xxu||||| |||| 00| 0 eng d
040 _cmacl
100 _akapoor kanwal nayan
_978356
245 _aShree durga a spiritual journey
260 _aNew delhi
_bIsha gyandeep
_c2016
600 _aKanwal nayan kapoor
_978357
650 _aReligion
_978358
942 _2ddc
_cBK
999 _c62179
_d62179